| 000 | 00629nam a22002417a 4500 | ||
|---|---|---|---|
| 005 | 20170124110041.0 | ||
| 010 | _a492932 | ||
| 020 | _c00.00 | ||
| 035 | _a492932 | ||
| 037 | _bCen Lib/Ret | ||
| 040 |
_aDPL _bEN |
||
| 082 |
_a881.08 _bELI |
||
| 100 |
_aMaxwell, D.E.S _923691 |
||
| 245 |
_aPoetry of T.S Eliot / _cby D.E.S. Maxwell |
||
| 260 |
_aAmerica _bBarnes & noble _c1973 |
||
| 270 | _bAmerica | ||
| 300 |
_a227p. _c19cm(Hb) |
||
| 490 | _aIndian writers series | ||
| 500 | _aIncludes index | ||
| 650 |
_a literature _96262 |
||
| 650 |
_apoetry _9102040 |
||
| 942 |
_2ddc _cEN _h881.08 _mELI |
||
| 999 |
_c128531 _d128531 |
||